TV Couples Quiz Stats

 Plays Quiz Updated Nov 9, 2018

Also try: TV Couples II
Challenge
Share
Tweet
Embed
Score 0/30 Timer 06:00
0 Plays Today
Person Show % Correct
RachelFriends
98.5%
MargeThe Simpsons
93.5%
LucyI Love Lucy
81.9%
MorticiaThe Addams Family
72.5%
PegMarried with Children
59.8%
CarrieSex and the City
59%
KellySaved by the Bell
57.4%
PamThe Office
56.7%
DianeCheers
55.7%
WinnieThe Wonder Years
51.8%
JoeyDawson's Creek
50.5%
MeredithGrey's Anatomy
49.8%
ClairThe Cosby Show
45.6%
JillHome Improvement
45%
LilyHow I Met Your Mother
42.8%
Person Show % Correct
LilyThe Munsters
41.6%
CarmelaThe Sopranos
41%
SookieTrue Blood
40.1%
AliceThe Honeymooners
39.2%
LynetteDesperate Housewives
32.9%
DonnaBeverly Hills 90210
32%
PamDallas
27.6%
EuniceGilligan's Island
26.8%
JamieMad About You
26.4%
EstelleSeinfeld
25.1%
LauraThe Dick Van Dyke Show
21%
SydneyAlias
20.8%
MaddieMoonlighting
20.2%
CarolE.R.
13.7%
AngelaMy So-Called Life
6.9%

You're not logged in!

Compare scores with friends on all Sporcle quizzes.
OR
Log In

You Might Also Like...

Show Comments

Extras

Top Quizzes Today


Score Distribution

Your Account Isn't Verified!

In order to create a playlist on Sporcle, you need to verify the email address you used during registration. Go to your Sporcle Settings to finish the process.

Report this User

Report this user for behavior that violates our Community Guidelines.

Details: